Robinson Crusoe. (Registro nro. 7880)

Detalles MARC
000 -LIDER
fixed length control field 00753nam a2200253 a 4500
001 - NÚMERO DE CONTROL
Identificador de número de control 0002365
003 - IDENTIFICACDOR DE NÚMERO DE CONTROL
control field DO-SdBNP
005 - DATE AND TIME OF LATEST TRANSACTION
control field 20180402134254.0
007 - CAMPOS FIJOS DE DESCRIPCIÓN FÍSICA
fixed length control field 0002365
008 - ELEMENTOS DE LONGITUD FIJA
fixed length control field 090819s2006 dr 000 spa d
020 ## - ISBN
International Standard Book Number 994540640X
040 ## - FUENTE DE CATALOGACIÓN
Agencia que crea de manera original el registro BPMET
Idioma de catalogación spa
Agencia que realiza la transcripción BPMET
100 ## - ASIENTO PRINCIPAL -- NOMBRE PERSONAL
Término de relación Defoe, Daniel
245 #0 - MENCIÓN DE TITULO
Título Robinson Crusoe.
Subtítulo Daniel Defoe; ilustraciones Diana Roche
260 ## - PUBLICACIÓN, DISTRIBUCIÓN, ETC. (PIE DE IMPRENTA)
Lugar de publicación, distribución, etc Santo Domingo,
Nombre del editor, distribuidor, etc. Tobogán
Fecha de publicación, distribución, etc 2006
300 ## - DESCRIPCIÓN FÍSICA
Extensión 84 p. ;
Otros detalles físicos il.
Dimensiones 23 cm.
490 ## - MENCIÓN DE SERIES
Mención de serie Clásicos universales Tobogán
500 ## - NOTA GENERAL
Nota general La biblioteca posee la versión del 1997
700 ## - ASIENTO SECUNDARIO -- NOMBRE PERSONAL
Término de relación Roche, Diana
Nombre personal il.
830 ## - ASIENTO SECUNDARIO DE SERIE--TÍTULO UNIFORME
Nombre de la parte o sección de una obra Clásicos universales Tobogán
942 ## - ADDED ENTRY ELEMENTS (KOHA)
Source of classification or shelving scheme Dewey Decimal Classification
Koha item type Libros
945 ## - INFORMACIÓN DE PROCESAMIENTO LOCAL
Información de procesamiento local Inventariado / 2018 VM
956 ## - LOCAL ELECTRONIC LOCATION AND ACCESS (OCLC)
Nombre de host VMATEO
Número de acceso 10
Información de compresión 20150515
Inicio de sesión BPMSU
Procesador de solicitud 00151
Existencias
Withdrawn status Lost status Source of classification or shelving scheme Damaged status Not for loan Collection code Home library Current library Date acquired Total Checkouts Barcode Date last seen Cost, replacement price Price effective from Koha item type Copy number
    Dewey Decimal Classification     Colección Juvenil Dominicana Biblioteca Pública Metropolitana Salomé Ureña Biblioteca Pública Metropolitana Salomé Ureña 05/15/2015   BPMET15051727 05/15/2015 0.00 05/15/2015 Libros  
    Dewey Decimal Classification     Colección Juvenil Dominicana Biblioteca Pública Metropolitana Salomé Ureña Biblioteca Pública Metropolitana Salomé Ureña 05/15/2015   BPMET15051728 05/15/2015   05/15/2015 Libros e. 2
    Dewey Decimal Classification     Colección Juvenil Dominicana Biblioteca Pública Metropolitana Salomé Ureña Biblioteca Pública Metropolitana Salomé Ureña 05/15/2015   BPMSU15051729 05/15/2015   05/15/2015 Libros e. 3